Statistics for Countries Without An 'A' In Its Name

Click here to take the quiz!

General Stats

  • This quiz has been taken 122 times
  • The average score is 23 of 29

Answer Stats

ContinentCountry% Correct
South AmericaPeru
94%
North AmericaMexico
91%
EuropeGreece
90%
EuropeSweden
90%
South AmericaChile
89%
AfricaEgypt
89%
EuropeBelgium
87%
AsiaYemen
87%
EuropeLuxembourg
85%
North AmericaBelize
84%
AfricaTogo
84%
OceaniaFiji
83%
AfricaMorocco
80%
AsiaTurkey
80%
AfricaLesotho
79%
EuropeUnited Kingdom
79%
AfricaBenin
78%
EuropeKosovo
78%
AsiaCyprus
77%
AfricaNiger
77%
AfricaComoros
75%
AfricaDjibouti
75%
AfricaSeychelles
75%
AsiaBrunei
74%
AsiaPhilippines
71%
AfricaBurundi
67%
EuropeMontenegro
66%
AfricaCongo (Republic of the)
63%
EuropeLiechtenstein
62%

Score Distribution

Percentile by Number Answered

Percent of People with Each Score

Your Score History

You have not taken this quiz